[Event "SC Steinfurt 1 - SV Heiden 1"]
[Site "Verbandsliga 2017/2018"]
[Date "2017.10.07"]
[Round "2.1"]
[White "Berger, Alfred"]
[Black "Grälken, Matthias"]
[Result "1/2-1/2"]
[WhiteElo "1967"]
[BlackElo "2043"]
[PlyCount "77"]
[EventDate "2017.??.??"]
[SourceTitle "Verband Muensterland"]
[SourceDate "2017.09.16"]
[SourceVersion "1"]
[SourceVersionDate "2017.09.16"]
[SourceQuality "1"]

1. d4 d6 2. Nc3 g6 3. e4 Bg7 4. Be3 a6 5. a4 b6 6. Qd2 Bb7 7. Bc4 e6 8. Nge2 d5
9. Bd3 Nd7 10. exd5 exd5 11. O-O c5 12. b3 Ne7 13. Bh6 O-O 14. Bxg7 Kxg7 15.
Rfe1 Rc8 16. Rad1 Nf6 17. dxc5 bxc5 18. Ng3 Re8 19. Qg5 h6 20. Qc1 Qc7 21. h4
d4 22. Nce4 Ned5 23. Nxf6 Nxf6 24. Rxe8 Rxe8 25. Re1 Qc6 26. f3 Rxe1+ 27. Qxe1
Qc7 28. h5 Nxh5 29. Nxh5+ gxh5 30. Bc4 Bc8 31. Qe8 Bf5 32. Qe2 a5 33. Bd3 Bxd3
34. Qxd3 h4 35. Qf5 Qg3 36. Qxc5 Qe1+ 37. Kh2 Qg3+ 38. Kg1 Qe1+ 39. Kh2 1/2-1/2

[Event "SC Steinfurt 1 - SV Heiden 1"]
[Site "Verbandsliga 2017/2018"]
[Date "2017.10.07"]
[Round "2.2"]
[White "Haselhorst, Helmut"]
[Black "Wienen, Hermann"]
[Result "0-1"]
[WhiteElo "2043"]
[BlackElo "1947"]
[PlyCount "52"]
[EventDate "2017.??.??"]
[SourceTitle "Verband Muensterland"]
[SourceDate "2017.09.16"]
[SourceVersion "1"]
[SourceVersionDate "2017.09.16"]
[SourceQuality "1"]

1. Nf3 c5 2. c4 Nf6 3. Nc3 g6 4. d4 cxd4 5. Nxd4 Bg7 6. e4 d6 7. Be2 O-O 8. O-O
Nc6 9. Be3 a6 10. f3 Bd7 11. Qd2 Rc8 12. Rfd1 Nh5 13. Nxc6 Bxc6 14. Rac1 Re8
15. Bf1 Qa5 16. Qf2 b5 17. g4 Nf6 18. Bb6 Qb4 19. cxb5 Bxb5 20. a3 Qb3 21. Nxb5
axb5 22. Rd3 Qa4 23. Qd2 Nd7 24. Be3 Ne5 25. Rxc8 Rxc8 26. Kf2 Rc2 0-1

[Event "SC Steinfurt 1 - SV Heiden 1"]
[Site "Verbandsliga 2017/2018"]
[Date "2017.10.07"]
[Round "2.3"]
[White "Ehrlich, Hans-Georg"]
[Black "Arning, Marcus"]
[Result "1/2-1/2"]
[WhiteElo "1788"]
[BlackElo "1893"]
[PlyCount "35"]
[EventDate "2017.??.??"]
[SourceTitle "Verband Muensterland"]
[SourceDate "2017.09.16"]
[SourceVersion "1"]
[SourceVersionDate "2017.09.16"]
[SourceQuality "1"]

1. b4 d5 2. Bb2 Bg4 3. Nf3 Nd7 4. Ne5 Nxe5 5. Bxe5 Nf6 6. Qc1 Nd7 7. Bg3 e5 8.
h3 Be6 9. Qb2 Be7 10. e3 O-O 11. Be2 d4 12. c3 Bf6 13. Qc2 Rc8 14. Bd3 g6 15.
O-O c5 16. exd4 cxb4 17. Be4 Qb6 18. d5 1/2-1/2

[Event "SC Steinfurt 1 - SV Heiden 1"]
[Site "Verbandsliga 2017/2018"]
[Date "2017.10.07"]
[Round "2.4"]
[White "Wild, Helmut"]
[Black "Sicking, Norbert"]
[Result "0-1"]
[WhiteElo "1887"]
[BlackElo "1809"]
[PlyCount "50"]
[EventDate "2017.??.??"]
[SourceTitle "Verband Muensterland"]
[SourceDate "2017.09.16"]
[SourceVersion "1"]
[SourceVersionDate "2017.09.16"]
[SourceQuality "1"]

1. c4 g6 2. Nc3 Nf6 3. d4 d6 4. e4 Bg7 5. f4 O-O 6. Nf3 c5 7. d5 Nfd7 8. Bd3
Na6 9. O-O Nc7 10. Qc2 e5 11. f5 Nf6 12. h3 h6 13. fxg6 fxg6 14. Be3 Bd7 15.
Rf2 Nh5 16. Kh2 Qe7 17. g3 g5 18. Raf1 Bf6 19. Be2 Ng7 20. Qd2 Rf7 21. Nxg5
hxg5 22. Bxg5 Raf8 23. Bh6 Qd8 24. Rxf6 Rxf6 25. Qg5 Rf2+ 0-1

[Event "SC Steinfurt 1 - SV Heiden 1"]
[Site "Verbandsliga 2017/2018"]
[Date "2017.10.07"]
[Round "2.5"]
[White "Herdering, Martin"]
[Black "Janning, Rainer"]
[Result "1/2-1/2"]
[WhiteElo "1799"]
[BlackElo "1901"]
[PlyCount "68"]
[EventDate "2017.??.??"]
[SourceTitle "Verband Muensterland"]
[SourceDate "2017.09.16"]
[SourceVersion "1"]
[SourceVersionDate "2017.09.16"]
[SourceQuality "1"]

1. e4 c6 2. d4 d5 3. exd5 cxd5 4. Bd3 Nc6 5. c3 Nf6 6. Bf4 e6 7. Nf3 Bd6 8. Bg3
Qe7 9. O-O Bd7 10. Bxd6 Qxd6 11. Re1 O-O 12. Ne5 Ne8 13. Re3 f5 14. Nd2 Nxe5
15. Rxe5 Nf6 16. Nf3 Ng4 17. Re1 Rf6 18. Ne5 Nh6 19. Qb3 b6 20. Bb5 Bxb5 21.
Qxb5 Nf7 22. f4 Qc7 23. Nxf7 Kxf7 24. Re5 Rc8 25. a4 Qc6 26. Qxc6 Rxc6 27. Re2
a6 28. Kf2 Ke7 29. Ke3 Rf8 30. Kd3 Rb8 31. Rc2 Rbc8 32. Re2 Kf6 33. Re3 Rb8 34.
Re2 Rbc8 1/2-1/2

[Event "SC Steinfurt 1 - SV Heiden 1"]
[Site "Verbandsliga 2017/2018"]
[Date "2017.10.07"]
[Round "2.6"]
[White "Raue, Thorsten"]
[Black "Niewerth, Gerd"]
[Result "0-1"]
[WhiteElo "1834"]
[BlackElo "1784"]
[PlyCount "54"]
[EventDate "2017.??.??"]
[SourceTitle "Verband Muensterland"]
[SourceDate "2017.09.16"]
[SourceVersion "1"]
[SourceVersionDate "2017.09.16"]
[SourceQuality "1"]

1. b4 e6 2. Bb2 Nf6 3. b5 d5 4. e3 Be7 5. Nf3 O-O 6. c4 c6 7. a4 a6 8. Nc3 Nbd7
9. Be2 dxc4 10. Bxc4 Nb6 11. Be2 Nbd5 12. Nxd5 cxd5 13. O-O Re8 14. Qb3 Bd7 15.
Rfc1 Bd6 16. Be5 Bxe5 17. Nxe5 axb5 18. Bxb5 Bxb5 19. Qxb5 Ne4 20. Qxb7 Qf6 21.
Nf3 g5 22. d3 Nxf2 23. Kxf2 g4 24. Ke2 gxf3+ 25. gxf3 Rab8 26. Qc7 Rb2+ 27. Ke1
Rg2 0-1

[Event "SC Steinfurt 1 - SV Heiden 1"]
[Site "Verbandsliga 2017/2018"]
[Date "2017.10.07"]
[Round "2.7"]
[White "Vestrick, Frank"]
[Black "Raus, Michael"]
[Result "1/2-1/2"]
[WhiteElo "1666"]
[BlackElo "1705"]
[PlyCount "58"]
[EventDate "2017.??.??"]
[SourceTitle "Verband Muensterland"]
[SourceDate "2017.09.16"]
[SourceVersion "1"]
[SourceVersionDate "2017.09.16"]
[SourceQuality "1"]

1. d4 e6 2. c4 b6 3. Nc3 Bb4 4. e4 Bb7 5. f3 f5 6. e5 Qh4+ 7. g3 Qh5 8. Bg2 Nc6
9. Nh3 Na5 10. Qd3 O-O-O 11. a3 Bxc3+ 12. Qxc3 Ne7 13. b4 Nac6 14. a4 a5 15. b5
Na7 16. Ba3 Rhe8 17. Rc1 Kb8 18. O-O g5 19. Rfd1 Qg6 20. Bxe7 Rxe7 21. d5 exd5
22. cxd5 d6 23. e6 h6 24. Nf2 Rf8 25. Bf1 Nc8 26. Bd3 Qf6 27. Qxf6 Rxf6 28. Bc4
Re8 29. Rc2 Re7 1/2-1/2

[Event "SC Steinfurt 1 - SV Heiden 1"]
[Site "Verbandsliga 2017/2018"]
[Date "2017.10.07"]
[Round "2.8"]
[White "Schulz, Joachim"]
[Black "Wienen, Josef"]
[Result "1-0"]
[WhiteElo "1890"]
[BlackElo "1655"]
[PlyCount "49"]
[EventDate "2017.??.??"]
[SourceTitle "Verband Muensterland"]
[SourceDate "2017.09.16"]
[SourceVersion "1"]
[SourceVersionDate "2017.09.16"]
[SourceQuality "1"]

1. Nf3 d5 2. b3 c5 3. e3 Nc6 4. Bb5 Bd7 5. O-O Nf6 6. Bb2 e6 7. d3 Bd6 8. Bxc6
Bxc6 9. Ne5 Qc7 10. f4 O-O-O 11. Nd2 Rhf8 12. Ndf3 Nd7 13. Qe1 f6 14. Nxc6 Qxc6
15. Qh4 h6 16. Qg4 Bc7 17. c4 Kb8 18. Rac1 g5 19. fxg5 hxg5 20. d4 f5 21. cxd5
Qxd5 22. Qxg5 Bxh2+ 23. Nxh2 Rg8 24. Qf4+ e5 25. Qf3 1-0

[Event "SK Münster 4 - SK Metelen 1"]
[Site "Verbandsliga 2017/2018"]
[Date "2017.10.07"]
[Round "2.2"]
[White "Jansen, Dirk"]
[Black "Schudro, Vasily"]
[Result "1-0"]
[WhiteElo "1955"]
[BlackElo "2017"]
[PlyCount "44"]
[EventDate "2017.??.??"]
[SourceTitle "Verband Muensterland"]
[SourceDate "2017.09.16"]
[SourceVersion "1"]
[SourceVersionDate "2017.09.16"]
[SourceQuality "1"]

1. c4 Nf6 2. Nc3 g6 3. g3 Bg7 4. Bg2 O-O 5. e4 d6 6. Nge2 c5 7. O-O Nc6 8. d3
Bg4 9. f3 Bd7 10. Be3 Ne8 11. d4 cxd4 12. Nxd4 Nc7 13. Qd2 Ne6 14. Nde2 Ne5 15.
b3 Bc6 16. Rac1 a5 17. Nd5 Ra6 18. h3 Nd7 19. Nec3 Nec5 20. Rfd1 Bxc3 21. Qxc3
Bxd5 22. Bh6 Be6 1-0

[Event "SK Münster 4 - SK Metelen 1"]
[Site "Verbandsliga 2017/2018"]
[Date "2017.10.07"]
[Round "2.3"]
[White "Zachej, Arne"]
[Black "Voß, Norbert"]
[Result "1/2-1/2"]
[WhiteElo "1870"]
[BlackElo "1850"]
[PlyCount "36"]
[EventDate "2017.??.??"]
[SourceTitle "Verband Muensterland"]
[SourceDate "2017.09.16"]
[SourceVersion "1"]
[SourceVersionDate "2017.09.16"]
[SourceQuality "1"]

1. d4 d6 2. Nf3 Bg4 3. e4 Nf6 4. Bc4 e6 5. Qe2 c6 6. O-O Be7 7. c3 O-O 8. Nbd2
d5 9. Bd3 dxe4 10. Nxe4 Nbd7 11. Ng3 c5 12. h3 Bxf3 13. Qxf3 cxd4 14. cxd4 Nd5
15. Rd1 N7f6 16. Ne4 Qb6 17. Bg5 Rfd8 18. b3 Nxe4 1/2-1/2

[Event "SK Münster 4 - SK Metelen 1"]
[Site "Verbandsliga 2017/2018"]
[Date "2017.10.07"]
[Round "2.4"]
[White "Schöpper, Oliver"]
[Black "Wigger, Frank"]
[Result "1/2-1/2"]
[WhiteElo "1816"]
[BlackElo "1794"]
[PlyCount "47"]
[EventDate "2017.??.??"]
[SourceTitle "Verband Muensterland"]
[SourceDate "2017.09.16"]
[SourceVersion "1"]
[SourceVersionDate "2017.09.16"]
[SourceQuality "1"]

1. d4 Nf6 2. Nf3 c5 3. d5 e6 4. Nc3 exd5 5. Nxd5 Nxd5 6. Qxd5 d6 7. e4 Be7 8.
Bb5+ Nd7 9. O-O O-O 10. Re1 Nf6 11. Qb3 a6 12. Bf1 Qc7 13. Bf4 Nh5 14. Bg5 Be6
15. Bc4 Bxg5 16. Nxg5 Bxc4 17. Qxc4 Rad8 18. Rad1 Rfe8 19. e5 Qe7 20. Qh4 h6
21. Qxh5 Qxg5 22. Qxg5 hxg5 23. g3 Kf8 24. Kf1 1/2-1/2

[Event "SK Münster 4 - SK Metelen 1"]
[Site "Verbandsliga 2017/2018"]
[Date "2017.10.07"]
[Round "2.5"]
[White "Bückers, Bernhard"]
[Black "Voß, Andreas"]
[Result "0-1"]
[WhiteElo "1648"]
[BlackElo "1806"]
[PlyCount "46"]
[EventDate "2017.??.??"]
[SourceTitle "Verband Muensterland"]
[SourceDate "2017.09.16"]
[SourceVersion "1"]
[SourceVersionDate "2017.09.16"]
[SourceQuality "1"]

1. c4 f5 2. g3 Nf6 3. Bg2 e6 4. d3 d5 5. b3 dxc4 6. bxc4 c6 7. Nf3 Bd6 8. Bb2
Nbd7 9. O-O O-O 10. Nc3 e5 11. e3 Qe7 12. d4 e4 13. Nd2 c5 14. Ne2 cxd4 15.
Nxd4 Nc5 16. Ba3 Ng4 17. Bxc5 Bxc5 18. N2b3 Ne5 19. Qe2 Bd7 20. Rab1 b6 21.
Rfd1 Rac8 22. Nb5 Be6 23. Nd2 Bb4 0-1

[Event "SK Münster 4 - SK Metelen 1"]
[Site "Verbandsliga 2017/2018"]
[Date "2017.10.07"]
[Round "2.6"]
[White "Börger, Andreas"]
[Black "Gravenkötter, Christian"]
[Result "1/2-1/2"]
[WhiteElo "1774"]
[BlackElo "1711"]
[PlyCount "55"]
[EventDate "2017.??.??"]
[SourceTitle "Verband Muensterland"]
[SourceDate "2017.09.16"]
[SourceVersion "1"]
[SourceVersionDate "2017.09.16"]
[SourceQuality "1"]

1. c4 e5 2. e4 Bc5 3. Nc3 Nf6 4. h3 d6 5. d3 c6 6. Nf3 h6 7. Be3 Bb6 8. Qd2 Ba5
9. Qc2 c5 10. Be2 Nc6 11. O-O O-O 12. a3 Nh7 13. Nh2 Bxc3 14. Qxc3 f5 15. exf5
Bxf5 16. Bf3 Nd4 17. Bxd4 exd4 18. Qd2 Rb8 19. Rfe1 Ng5 20. Bd5+ Kh8 21. f4 Nh7
22. Ng4 Bxg4 23. hxg4 Qh4 24. Bf3 Nf6 25. Qf2 Qxf2+ 26. Kxf2 Rfe8 27. b4 b6 28.
Rxe8+ 1/2-1/2

[Event "SK Münster 4 - SK Metelen 1"]
[Site "Verbandsliga 2017/2018"]
[Date "2017.10.07"]
[Round "2.7"]
[White "Blanke, Martin"]
[Black "Sokolowski, Cyril"]
[Result "1/2-1/2"]
[WhiteElo "1651"]
[BlackElo "1725"]
[PlyCount "54"]
[EventDate "2017.??.??"]
[SourceTitle "Verband Muensterland"]
[SourceDate "2017.09.16"]
[SourceVersion "1"]
[SourceVersionDate "2017.09.16"]
[SourceQuality "1"]

1. Nf3 Nf6 2. Nc3 d5 3. e3 Bg4 4. Be2 e6 5. a3 Be7 6. h3 Bh5 7. O-O O-O 8. b4
Nbd7 9. d4 a5 10. b5 a4 11. Bb2 Nb6 12. Ne5 Bxe2 13. Qxe2 Nfd7 14. Nf3 Nc4 15.
Bc1 c6 16. bxc6 bxc6 17. Nb1 Qa5 18. Nbd2 Ndb6 19. Nxc4 Nxc4 20. Nd2 Qc3 21.
Ra2 Nb6 22. Bb2 Qa5 23. c4 c5 24. cxd5 Nxd5 25. dxc5 Qxc5 26. Ne4 Qc6 27. Raa1
Rfb8 1/2-1/2

[Event "SK Münster 4 - SK Metelen 1"]
[Site "Verbandsliga 2017/2018"]
[Date "2017.10.07"]
[Round "2.8"]
[White "Baumann, Eva"]
[Black "Knocks, Elmar"]
[Result "1/2-1/2"]
[WhiteElo "1665"]
[BlackElo "1658"]
[PlyCount "104"]
[EventDate "2017.??.??"]
[SourceTitle "Verband Muensterland"]
[SourceDate "2017.09.16"]
[SourceVersion "1"]
[SourceVersionDate "2017.09.16"]
[SourceQuality "1"]

1. e4 e5 2. Nf3 Nc6 3. Bc4 Bc5 4. c3 Nf6 5. d3 d6 6. Bg5 h6 7. Bh4 O-O 8. Nbd2
Be6 9. Qe2 a6 10. O-O b5 11. Bb3 Bxb3 12. Nxb3 Bb6 13. d4 Qe7 14. Rfe1 Rfe8 15.
d5 Nb8 16. Nbd2 Nbd7 17. c4 Reb8 18. b3 Nf8 19. Nf1 Ng6 20. Bxf6 Qxf6 21. g3 h5
22. Ne3 h4 23. Nf5 Kh7 24. N5xh4 Rh8 25. Rf1 Kg8 26. Nf5 Ne7 27. Nxe7+ Qxe7 28.
cxb5 axb5 29. a4 b4 30. Rae1 g5 31. Qd2 f6 32. Kh1 Rf8 33. Rg1 Rf7 34. Rg2 Rfh7
35. Qxb4 Rh3 36. a5 Bc5 37. Qb5 Qh7 38. Qe8+ Kg7 39. Qd7+ Kg6 40. Qf5+ Kg7 41.
Qxh7+ R3xh7 42. Re2 Ra8 43. Ra2 Rhh8 44. Rg1 Rhb8 45. Rb1 Rb4 46. Nd2 Bxf2 47.
Kg2 Bd4 48. Kf3 Rab8 49. a6 Ba7 50. Rc2 Bc5 51. a7 Ra8 52. Ra1 Rb7 1/2-1/2

[Event "SK Dülmen 1 - SF Olfen 1"]
[Site "Verbandsliga 2017/2018"]
[Date "2017.10.07"]
[Round "2.1"]
[White "Koke, Christoph"]
[Black "Eiersbrock, Robin"]
[Result "0-1"]
[WhiteElo "2075"]
[BlackElo "2013"]
[PlyCount "132"]
[EventDate "2017.??.??"]
[SourceTitle "Verband Muensterland"]
[SourceDate "2017.09.16"]
[SourceVersion "1"]
[SourceVersionDate "2017.09.16"]
[SourceQuality "1"]

1. Nf3 Nf6 2. g3 g6 3. b3 Bg7 4. Bb2 O-O 5. Bg2 d5 6. c4 c6 7. O-O Bf5 8. d3
Re8 9. Qc2 Nbd7 10. h3 e5 11. Nbd2 d4 12. g4 Be6 13. Ng5 Nf8 14. f4 exf4 15.
Rxf4 Nd5 16. cxd5 Qxg5 17. dxe6 Qxf4 18. exf7+ Qxf7 19. Ne4 Qe6 20. Kh1 h6 21.
Bf3 Nd7 22. Nc5 Nxc5 23. Qxc5 Qe5 24. Qxe5 Bxe5 25. Kg2 a5 26. a3 Ra6 27. Rb1
Rb6 28. Bc1 Kg7 29. Kf2 a4 30. b4 Rb5 31. Rb2 Bd6 32. Rc2 Be5 33. Rc4 Rd8 34.
Kg2 Bf6 35. Kg3 Bg5 36. Bxg5 Rxg5 37. h4 Re5 38. Kf2 Kf6 39. Kg3 Rd6 40. Kf2
Ke6 41. Kg3 g5 42. hxg5 hxg5 43. Kf2 Kd7 44. Rc1 Kc7 45. Be4 Kb6 46. Rc2 Rd7
47. Rb2 Rb5 48. Bg6 Re7 49. Be4 Rc7 50. Bg6 Ka6 51. Rc2 Re5 52. Rc4 Rd7 53. Be4
Rd6 54. Ke1 Kb6 55. Kd2 Kc7 56. e3 dxe3+ 57. Kxe3 Rh6 58. Kd4 Rb5 59. Rc2 Kd6
60. Rf2 Rh4 61. Bf5 Re5 62. Bc8 Re7 63. Rf6+ Kc7 64. Be6 Rh1 65. Kc3 Ra1 66.
Kb2 Re1 0-1

[Event "SK Dülmen 1 - SF Olfen 1"]
[Site "Verbandsliga 2017/2018"]
[Date "2017.10.07"]
[Round "2.2"]
[White "Grund, Wolfgang"]
[Black "Bösel, Alexander"]
[Result "1/2-1/2"]
[WhiteElo "1859"]
[BlackElo "1997"]
[PlyCount "132"]
[EventDate "2017.??.??"]
[SourceTitle "Verband Muensterland"]
[SourceDate "2017.09.16"]
[SourceVersion "1"]
[SourceVersionDate "2017.09.16"]
[SourceQuality "1"]

1. e4 c5 2. Nf3 d6 3. Bb5+ Nd7 4. O-O a6 5. Be2 Ngf6 6. d3 g6 7. c3 Bg7 8. h3
O-O 9. Be3 b6 10. Nbd2 Bb7 11. Nh2 d5 12. Qc2 e5 13. Rad1 Re8 14. Bg5 h6 15.
Bh4 g5 16. Bg3 Nf8 17. h4 Ng6 18. hxg5 hxg5 19. Bf3 Nf4 20. Rfe1 d4 21. c4 N6h5
22. Ndf1 g4 23. Bxg4 Bc8 24. Bf3 Re6 25. Rb1 Rh6 26. Qd1 Nxg3 27. fxg3 Ng6 28.
b4 cxb4 29. Rxb4 Bf8 30. Rb2 b5 31. cxb5 axb5 32. Rxb5 Rxa2 33. Qb1 Ra3 34. Rb8
Qc7 35. Bg4 Ne7 36. Bxc8 Nxc8 37. Rb7 Qc6 38. Ng4 Re6 39. Rb5 Ra1 40. Qxa1 Qxb5
41. Qb1 Bb4 42. Rc1 Nd6 43. Nf2 Qa4 44. Rc2 Re8 45. Rc7 Qa5 46. Qc1 Re6 47.
Qg5+ Rg6 48. Qd8+ Kg7 49. Qb8 Be1 50. Rc2 Bc3 51. Qb3 Qa1 52. Qa2 Qe1 53. Re2
Qc1 54. Rc2 Qg5 55. Nh3 Qh5 56. Rf2 Qd1 57. Rf3 Be1 58. Kh2 Rf6 59. Rxf6 Kxf6
60. Qa6 Ke7 61. Qa7+ Ke6 62. Qa6 f6 63. Qa2+ Ke7 64. Qa7+ Ke6 65. Qa2+ Ke7 66.
Qa7+ Ke6 1/2-1/2

[Event "SK Dülmen 1 - SF Olfen 1"]
[Site "Verbandsliga 2017/2018"]
[Date "2017.10.07"]
[Round "2.3"]
[White "Grawunder, Jürgen"]
[Black "Nolting, Bodo"]
[Result "1/2-1/2"]
[WhiteElo "1940"]
[BlackElo "1722"]
[PlyCount "86"]
[EventDate "2017.??.??"]
[SourceTitle "Verband Muensterland"]
[SourceDate "2017.09.16"]
[SourceVersion "1"]
[SourceVersionDate "2017.09.16"]
[SourceQuality "1"]

1. e4 e5 2. Nf3 Nf6 3. d3 Nc6 4. Be2 d5 5. Nbd2 dxe4 6. dxe4 a6 7. O-O Be7 8.
c3 O-O 9. Qc2 Bg4 10. Nc4 Bxf3 11. Bxf3 b5 12. Ne3 g6 13. Nd5 Re8 14. Rd1 Qc8
15. Bh6 Rb8 16. h3 Nd8 17. Nxe7+ Rxe7 18. Bg5 Qe6 19. Rd2 Rd7 20. Rxd7 Nxd7 21.
Rd1 Nf6 22. a3 Nb7 23. c4 c5 24. cxb5 axb5 25. Qc3 h5 26. Bxf6 Qxf6 27. Rd5 Re8
28. Be2 Nd6 29. f3 c4 30. Qb4 Re6 31. a4 bxa4 32. Qxa4 Qf4 33. Qb4 Qe3+ 34. Kf1
Nxe4 35. Rd8+ Kh7 36. fxe4 Rf6+ 37. Ke1 Rf2 38. Qxc4 Qg3 39. Kd1 Qxg2 40. Rd2
Qxh3 41. Bd3 Qf3+ 42. Kc2 h4 43. Be2 Qg2 1/2-1/2

[Event "SK Dülmen 1 - SF Olfen 1"]
[Site "Verbandsliga 2017/2018"]
[Date "2017.10.07"]
[Round "2.4"]
[White "Rebber, Christian"]
[Black "Beutelhoff, Josef"]
[Result "1/2-1/2"]
[WhiteElo "1857"]
[BlackElo "1975"]
[PlyCount "72"]
[EventDate "2017.??.??"]
[SourceTitle "Verband Muensterland"]
[SourceDate "2017.09.16"]
[SourceVersion "1"]
[SourceVersionDate "2017.09.16"]
[SourceQuality "1"]

1. b4 e6 2. Bb2 Nf6 3. b5 d5 4. e3 a6 5. a4 axb5 6. axb5 Rxa1 7. Bxa1 c5 8. Nf3
Nbd7 9. c4 Bd6 10. cxd5 exd5 11. Be2 O-O 12. O-O b6 13. Nc3 Qc7 14. g3 Bb7 15.
d4 c4 16. Nd2 Bb4 17. Qb1 Ba5 18. Rc1 Re8 19. Bf3 g6 20. Bb2 Bb4 21. Qc2 Qd6
22. Nxc4 Qe7 23. Nd2 Ne4 24. Nf1 f5 25. Qb3 Ndf6 26. Na2 Bd6 27. Nc3 Kg7 28.
Nxe4 fxe4 29. Bg2 Rf8 30. h3 h5 31. Ra1 Bc8 32. Ba3 Bd7 33. Bxd6 Qxd6 34. Qa3
Qxa3 35. Rxa3 Bxb5 36. Rb3 Bxf1 1/2-1/2

[Event "SK Dülmen 1 - SF Olfen 1"]
[Site "Verbandsliga 2017/2018"]
[Date "2017.10.07"]
[Round "2.6"]
[White "Tecklenborg, Georg"]
[Black "Preuß, Richard"]
[Result "0-1"]
[WhiteElo "1781"]
[BlackElo "1747"]
[PlyCount "96"]
[EventDate "2017.??.??"]
[SourceTitle "Verband Muensterland"]
[SourceDate "2017.09.16"]
[SourceVersion "1"]
[SourceVersionDate "2017.09.16"]
[SourceQuality "1"]

1. e4 e6 2. d4 d5 3. exd5 exd5 4. Bd3 Nf6 5. Bf4 Bd6 6. Bxd6 Qxd6 7. Nf3 O-O 8.
O-O Bg4 9. Nbd2 Re8 10. c3 Nbd7 11. Qc2 Re7 12. Nh4 Qf4 13. g3 Qg5 14. Rfe1
Rae8 15. Rxe7 Rxe7 16. Nf1 g6 17. Kg2 Nh5 18. h3 Be6 19. Ne3 Ndf6 20. Nf3 Nf4+
21. Kh2 Qh5 22. gxf4 Qxh3+ 23. Kg1 Qxf3 24. f5 Bxf5 25. Bxf5 gxf5 26. Qxf5 Qxf5
27. Nxf5 Re2 28. b3 Rc2 29. Re1 Rxc3 30. Re7 Kf8 31. Re2 Rf3 32. Ne3 c6 33. Kg2
Rf4 34. Nc2 Re4 35. Rd2 Kg7 36. f3 Rf4 37. Re2 Kf8 38. Re5 Rh4 39. Rf5 Ke7 40.
Re5+ Kd6 41. Rf5 Ke7 42. Re5+ Kf8 43. Rf5 Nd7 44. f4 Rh6 45. Ne3 Re6 46. Kf3
Re4 47. Rh5 Nf6 48. Rh6 Rxe3+ 0-1

[Event "SK Dülmen 1 - SF Olfen 1"]
[Site "Verbandsliga 2017/2018"]
[Date "2017.10.07"]
[Round "2.7"]
[White "Boenigk, Winfried"]
[Black "Eiersbrock, Marko"]
[Result "0-1"]
[WhiteElo "1743"]
[BlackElo "1858"]
[PlyCount "60"]
[EventDate "2017.??.??"]
[SourceTitle "Verband Muensterland"]
[SourceDate "2017.09.16"]
[SourceVersion "1"]
[SourceVersionDate "2017.09.16"]
[SourceQuality "1"]

1. d4 Nf6 2. c4 g6 3. Nc3 Bg7 4. e4 d6 5. f3 O-O 6. Be3 e5 7. d5 a6 8. Qd2 Ne8
9. h4 f5 10. exf5 gxf5 11. Bg5 Bf6 12. Bd3 Ng7 13. O-O-O Nd7 14. Nge2 Nc5 15.
Bc2 a5 16. Rdg1 Bd7 17. g4 f4 18. Bxf6 Qxf6 19. Ne4 Nxe4 20. Bxe4 Qe7 21. Qc2
h6 22. Nc3 c6 23. g5 h5 24. Bh7+ Kh8 25. Be4 Rac8 26. Kb1 Nf5 27. g6 Ng3 28.
Rh2 Kg7 29. Ne2 Nxe4 30. fxe4 cxd5 0-1

[Event "SK Dülmen 1 - SF Olfen 1"]
[Site "Verbandsliga 2017/2018"]
[Date "2017.10.07"]
[Round "2.8"]
[White "Bienhüls, Michael"]
[Black "Limberg, Johannes"]
[Result "1/2-1/2"]
[WhiteElo "1665"]
[BlackElo "1609"]
[PlyCount "37"]
[EventDate "2017.??.??"]
[SourceTitle "Verband Muensterland"]
[SourceDate "2017.09.16"]
[SourceVersion "1"]
[SourceVersionDate "2017.09.16"]
[SourceQuality "1"]

1. c4 Nf6 2. g3 e6 3. Bg2 d5 4. Nf3 c5 5. O-O Nc6 6. cxd5 exd5 7. d3 Be7 8.
Nbd2 O-O 9. a3 Qc7 10. Qc2 Rd8 11. Rb1 Bf5 12. e4 dxe4 13. dxe4 Bg6 14. b4 cxb4
15. axb4 Qd6 16. b5 Nb4 17. Qb3 Nxe4 18. Nxe4 Bxe4 19. Ba3 1/2-1/2

[Event "SC Rochade Emsdetten 2 - TV Borken 1"]
[Site "Verbandsliga 2017/2018"]
[Date "2017.10.07"]
[Round "2.1"]
[White "Schulze-Schwering, Philipp"]
[Black "Böhlich, Daniel"]
[Result "0-1"]
[WhiteElo "2071"]
[BlackElo "2003"]
[PlyCount "146"]
[EventDate "2017.??.??"]
[SourceTitle "Verband Muensterland"]
[SourceDate "2017.09.16"]
[SourceVersion "1"]
[SourceVersionDate "2017.09.16"]
[SourceQuality "1"]

1. d4 d5 2. c4 c6 3. Nc3 Nf6 4. Bg5 e6 5. cxd5 exd5 6. Qc2 Be7 7. e3 Nbd7 8.
Bd3 Nh5 9. Bxe7 Qxe7 10. Nge2 g6 11. Rc1 O-O 12. a3 a5 13. Na4 Ng7 14. h4 Nf6
15. Nb6 Ra7 16. Ng3 Bg4 17. Qd2 Qc7 18. Na4 Re8 19. Nf1 Bf5 20. f3 h5 21. Be2
Raa8 22. Kf2 Re7 23. Nc5 Ne6 24. Nb3 Ng7 25. Rc5 b6 26. Rc3 Qd6 27. Qc1 Bd7 28.
Bd3 Rae8 29. Nbd2 Ne6 30. Ng3 c5 31. dxc5 Nxc5 32. Bb1 d4 33. Nc4 dxe3+ 34.
Rxe3 Qc7 35. Rhe1 Rxe3 36. Nxe3 Qf4 37. Qc3 Rxe3 38. Rxe3 Ng4+ 39. Ke2 Nxe3 40.
Nxh5 gxh5 41. Qxe3 Bb5+ 42. Kf2 Qxh4+ 43. Kg1 Qf6 44. b4 axb4 45. axb4 Nd7 46.
Be4 Kg7 47. Qd2 Qe5 48. Bc2 Nf6 49. Qf2 Qd6 50. Qe3 Bd7 51. Qg5+ Kf8 52. Kh1
Ke7 53. Qh4 Be6 54. Ba4 Qd5 55. Qf2 Qa2 56. Bc2 Qa1+ 57. Kh2 Qb2 58. Qd2 Nd5
59. Qg5+ Qf6 60. Qd2 Qf4+ 61. Qxf4 Nxf4 62. Kg3 Ng6 63. Kf2 Kd6 64. Ke3 Ke5 65.
g3 Ne7 66. f4+ Kd6 67. Bd1 Bg4 68. Bb3 Nd5+ 69. Kd4 Nxb4 70. Bxf7 Nc6+ 71. Ke4
Ne7 72. f5 Nxf5 73. Kf4 Ke7 0-1

[Event "SC Rochade Emsdetten 2 - TV Borken 1"]
[Site "Verbandsliga 2017/2018"]
[Date "2017.10.07"]
[Round "2.2"]
[White "Ortmeier, Leonhard"]
[Black "Beckmann, David"]
[Result "0-1"]
[WhiteElo "2001"]
[BlackElo "2001"]
[PlyCount "96"]
[EventDate "2017.??.??"]
[SourceTitle "Verband Muensterland"]
[SourceDate "2017.09.16"]
[SourceVersion "1"]
[SourceVersionDate "2017.09.16"]
[SourceQuality "1"]

1. e4 e6 2. d4 d5 3. Nc3 Nf6 4. e5 Nfd7 5. f4 c5 6. Nf3 Nc6 7. Be3 a6 8. Qd2
Be7 9. O-O-O f6 10. exf6 Nxf6 11. h3 b5 12. dxc5 b4 13. Na4 Ne4 14. Qd3 Qa5 15.
Qb3 Nxc5 16. Nxc5 Bxc5 17. Bxc5 Qxc5 18. f5 Na5 19. Qd3 Bb7 20. fxe6 O-O-O 21.
Nd4 Nc6 22. Nxc6 Qxc6 23. Be2 Kb8 24. Bg4 g6 25. h4 Qd6 26. Qd4 Rhe8 27. Rhe1
Re7 28. Rd3 Rf8 29. g3 Rc7 30. Rde3 Rc4 31. Qg7 Rxg4 32. e7 Re8 33. Qf7 Bc6 34.
Re6 Qc7 35. Rxc6 Qxc6 36. Re6 Qc8 37. Qf6 Rc4 38. c3 Rc7 39. Rb6+ Rb7 40. Rc6
Rc7 41. Rb6+ Ka7 42. Qd4 Rc5 43. Rd6 Rxe7 44. Rxd5 Rec7 45. Kb1 Qf8 46. Kc2 Qe7
47. a3 Qe2+ 48. Kb1 b3 0-1